Normal view
MARC view
- International Conference Mechatronics
Entry Meeting Name
001 - CONTROL NUMBER
- control field: 83165
003 - CONTROL NUMBER IDENTIFIER
- control field: NUST
005 - DATE AND TIME OF LATEST TRANSACTION
- control field: 20211014163614.0
008 - FIXED-LENGTH DATA ELEMENTS
- fixed length control field: 211014|| aca||aabn | a|a d
040 ## - CATALOGING SOURCE
- Original cataloging agency: NUST
- Transcribing agency: NUST
111 ## - HEADING--MEETING NAME
- Meeting name or jurisdiction name as entry element: International Conference Mechatronics
- Number of part/section/meeting: (7th :
- Date of meeting: 2005 :
- Location of meeting: Warsaw, Poland)
670 ## - SOURCE DATA FOUND
- Source citation: Work cat.: (NUST)32983: Brezinaa, Tomas 83164, Recent advances in mechatronics, c2007.
